| 000 | 04790nac a22005771u 4500 | ||
|---|---|---|---|
| 090 | _c7959 | ||
| 008 | 080907t xxu||||| |||| 00| 0 eng d | ||
| 020 | _a9780123706065 | ||
| 020 | _a9780123742056 (CD- Rom) | ||
| 082 | 0 | 0 |
_a004.22 _bPAT |
| 100 | _aPatterson, David A. | ||
| 245 | 1 | 0 |
_aComputer organization and design : _bthe hardwaresoftware interface / _cDavid A. Patterson , John L. Hennessy ; with contributions by Peter J. Ashenden, James R. Larus. Daniel J. Sorin |
| 246 | 1 | 8 | _aComputer organization & design |
| 250 | _a3rd ed. Revised | ||
| 260 |
_aSan Francisco, Calif. : _bMorgan Kaufmann Publishers,2007 _c2007 |
||
| 300 |
_a1 v. (various pagings) : _bill. (some col.) ; _c25 cm.+ _e1 CD-ROM (4 3/4 in.) |
||
| 500 | _adistributer: Baccah | ||
| 504 | _aIncludes bibliograpical references and index. | ||
| 511 | _acatalogued by: wessam | ||
| 650 | 0 | _aComputer organization. | |
| 650 | 0 | _aComputer engineering. | |
| 650 | 0 | _aComputer interfaces. | |
| 700 | 1 | _aHennessy John L. | |
| 856 | 4 | 2 |
_3Publisher description _uhttp://www.loc.gov/catdir/description/els032/97016050.html |
| 856 | 4 | 2 |
_3Table of contents _uhttp://www.loc.gov/catdir/toc/els032/97016050.html |
| 942 |
_cBB _k004.22PAT _2ddc |
||
| 999 |
_c7959 _d7959 |
||